Русская семья. "Dans la tourmente dechainee..." (Запись № 1247919)

Подробности
000 -МАРКЕР
контрольное поле 01343nam0a2200301 4500
001 - ИДЕНТИФИКАТОР ЗАПИСИ
контрольное поле RU\NLR\bibl\1413281
005 - ИДЕНТИФИКАТОР ВЕРСИИ
контрольное поле 20260405214000.0
010 ## - МЕЖДУНАРОДНЫЙ СТАНДАРТНЫЙ НОМЕР КНИГИ (ISBN)
Номер (ISBN) 978-5-5981-87298-3
Тираж 1000
035 ## - ДРУГИЕ СИСТЕМНЫЕ НОМЕРА
Идентификатор записи (NLR Aleph) 001405257
100 ## - ДАННЫЕ ОБЩЕЙ ОБРАБОТКИ
Данные общей обработки 20090414d2009 |||y0rusy50 ca
101 0# - ЯЗЫК РЕСУРСА
Язык текста, звукозаписи и т.д. русский
102 ## - СТРАНА ПУБЛИКАЦИИ ИЛИ ПРОИЗВОДСТВА
Страна публикации Российская Федерация
105 ## - ПОЛЕ КОДИРОВАННЫХ ДАННЫХ: ТЕКСТОВЫЕ МАТЕРИАЛЫ, МОНОГРАФИЧЕСКИЕ
Кодированные данные о монографическом текстовом документе y |||||||||
200 1# - ЗАГЛАВИЕ И СВЕДЕНИЯ ОБ ОТВЕТСТВЕННОСТИ
Основное заглавие Русская семья. "Dans la tourmente dechainee..."
Сведения, относящиеся к заглавию письма О.А. Толстой-Воейковой 1927-1930 гг.
210 ## - ПУБЛИКАЦИЯ, РАСПРОСТРАНЕНИЕ И ДР.
Место издания, распространения и т.д. Санкт-Петербург
Имя издателя, распространителя и т. д. Нестор-История
Дата издания, распространения и т.д. 2009
215 ## - ФИЗИЧЕСКАЯ ХАРАКТЕРИСТИКА
Специфическое обозначение материала и объем 522, [2] с., [1] отд. л. табл.
Размеры 22
225 1# - СЕРИЯ
Основное заглавие серии Программа книгоиздания "Кантемир": благодарная Молдавия - братскому народу Росси
320 ## - ПРИМЕЧАНИЯ О НАЛИЧИИ В ДОКУМЕНТЕ БИБЛИОГРАФИИ / УКАЗАТЕЛЯ
Текст примечания Имен. указ.: с. 510-523
517 0# - ДРУГИЕ ВАРИАНТЫ ЗАГЛАВИЯ
Вариант заглавия Dans la tourmente dechainee...
600 #1 - ИМЯ ЛИЦА КАК ПРЕДМЕТ
Начальный элемент ввода Толстая-Воейкова
Часть имени, кроме начального элемента ввода О.А.
Даты 1856 - 1936
Расширение инициалов личного имени Ольга Александровна
Формальный подзаголовок Переписка
Системный номер авторитетной/нормативной записи 2386283
Идентификатор авторитетной/нормативной записи RU\NLR\auth\661423368
686 ## - ИНДЕКСЫ ДРУГИХ КЛАССИФИКАЦИЙ
Индекс Т3(2)71-8,013
700 #1 - ИМЯ ЛИЦА - ПЕРВИЧНАЯ ОТВЕТСТВЕННОСТЬ
Код отношения Автор
Графика поля Кириллица
Материалы, к которым относится поле rus
Начальный элемент ввода Толстая-Воейкова
Часть имени, кроме начального элемента ввода О. А.
Расширение инициалов личного имени Ольга Александровна
Системный номер авторитетной/нормативной записи 79897
Идентификатор авторитетной/нормативной записи RU\NLR\auth\7796971
801 #0 - ИСТОЧНИК ЗАПИСИ
Страна Российская Федерация
Организация NLR
Дата составления 20090414
Правила каталогизации RCR
801 #1 - ИСТОЧНИК ЗАПИСИ
Страна Российская Федерация
Организация NLR
Дата составления 20090414
942 ## - ДОПОЛНИТЕЛЬНЫЕ ЭЛЕМЕНТЫ ЗАПИСИ (АБИС)
Тип экземпляра АБИС Книга
980 ## - КОЛЛЕКЦИЯ
Название коллекции Национальная библиография
Экземпляры
Тип экземпляра Дата поступления Источник поступления Стоимость Библиотека постоянного хранения Библиотека текущего хранения Место хранения Шифр хранения Штрих-код Статус экземпляра
Книга 16.09.2009 Покупка 520.00 РНБ (Московский) РНБ (Московский) Русский книжный фонд: издания с 1957 года 2009-5/7963 1-1532086